000 00539nam a2200205 a 4500
999 _c7153
_d7153
001 7153
003 BD-JhCC
005 20180212095929.0
008 180205s1956 usa |||| |||| 000 0 eng d
035 _a(BD-JhCC)
040 _aBD-JhCC
_dBD-JhCC
041 _aeng
082 _a820
_bENG 1956
245 _aEnglish At Work: Course Three /
_cMargaret M. Bryant...[et.all]
260 _aUSA:
_bCharles Scribner's Sons;
_c1956
300 _a518 p;,
_c24 cm
650 _aEnglish Literature
700 _aBryant, Margaret M.
942 _2ddc
_cBK